La túnica de Neso / (Record no. 10161)

MARC details
000 -LEADER
campo de control de longitud fija 00773nam a2200241 i 4500
001 - NÚMERO DE CONTROL
campo de control 10161
003 - IDENTIFICADOR DE NÚMERO DE CONTROL
campo de control ES-MaACL
005 - FECHA Y HORA DE LA ÚLTIMA TRANSACCIÓN
campo de control 20250820215336.0
007 - CAMPO FIJO DE DESCRIPCIÓN FÍSICA--INFORMACIÓN GENERAL
campo de control de longitud fija t|
008 - DATOS DE LONGITUD FIJA--INFORMACIÓN GENERAL
campo de control de longitud fija 950313s1994 sp ||||1| spa d
020 ## - NÚMERO INTERNACIONAL ESTÁNDAR DEL LIBRO
Número Internacional Estándar del Libro 84-7030-349-X
080 ## - NÚMERO DE LA CLASIFICACIÓN DECIMAL UNIVERSAL
Número de la Clasificación Decimal Universal 86-311.5"18/19"
080 ## - NÚMERO DE LA CLASIFICACIÓN DECIMAL UNIVERSAL
Número de la Clasificación Decimal Universal 86(Domenchina,J.J.7 T.01)
100 1# - ENTRADA PRINCIPAL--NOMBRE DE PERSONA
Nombre de persona Domenchina, Juan José,
Fechas asociadas al nombre 1898-1959
9 (RLIN) 45067
Término indicativo de función/relación Autor
245 13 - MENCIÓN DEL TÍTULO
Título La túnica de Neso /
Mención de responsabilidad, etc. Juan José Domenchina ; prólogo de Enrique García Fuentes.
260 ## - PUBLICACIÓN, DISTRIBUCIÓN, ETC.
Lugar de publicación, distribución, etc. Madrid :
Nombre del editor, distribuidor, etc. Biblioteca Nueva,
Fecha de publicación, distribución, etc. 1994.
300 ## - DESCRIPCIÓN FÍSICA
Extensión LXXXIII, 349 p. ;
Dimensiones 20 cm.
700 1# - ENTRADA AGREGADA--NOMBRE PERSONAL
Nombre de persona García Fuentes, Enrique
Término indicativo de función/relación Autor de introducción
9 (RLIN) 54625
852 ## - LOCALIZACIÓN
Ubicación ES-MaACL
Número de control de estantería L-17712
Sublocalización o colección R.123286
Ubicación en estantería Depósito 2
942 ## - ELEMENTOS DE ENTRADA SECUNDARIOS (KOHA)
Fuente del sistema de clasificación o colocación Clasificación decimal universal
Tipo de ítem Koha Libro impreso
Suprimir en OPAC No
Holdings
Estatus retirado Estado de pérdida Estado de daño No para préstamo Biblioteca de origen Biblioteca actual Ubicación en estantería Fecha de adquisición Fuente de adquisición Total de préstamos Signatura topográfica completa Código de barras Visto por última vez Precio de reemplazo Tipo de ítem Koha
        Biblioteca del Ateneo de Madrid Biblioteca del Ateneo de Madrid Depósito 2 17/01/2008     L-17712 1010370 23/02/2023 23/02/2023 Libro impreso